000 00844cab a2200265 4500
001 WB2813-39
008 090401t1992 xxu||||| |||| 00| 0 eng d
035 _a(Sirsi) u63967
041 _aeng
245 _aO&Y drop plans for property trust
260 _c1992
350 _a0
490 _aIndependent
_v20 March 1992, 28;
490 _aTimes
_v21 March 1992, 25(1)
520 _aOlympia & York are abandoning plans to create an enterprise zone property trust because the Finance Act 1992 did not provide for tax relief on the trust if the building was occupied already.
650 _aCABOT SQUARE TRUST
650 _aCANARY WHARF
650 _aENTERPRISE ZONE PROPERTY TRUSTS
650 _aFINANCE ACT 1992
650 _aINVESTMENT
650 _aOLYMPIA AND YORK
690 _aTAXATION
942 _n0
948 _c04/03/1997
999 _c39808
_d39808